| 000 | 00952cam a2200313 4500 | ||
|---|---|---|---|
| 001 | 75703 | ||
| 003 | BD-RjUL | ||
| 005 | 20211209082729.0 | ||
| 008 | 190523s1975 enka 001 0 eng | ||
| 020 | _a0712116265 | ||
| 035 | _a(BD-RjUL) 75922 | ||
| 040 |
_aDLC _cDLC _dDLC _beng |
||
| 041 | _aeng | ||
| 082 | 0 | 0 |
_a658.15 _223 _bBRP 1975 |
| 100 | 1 |
_aBrown, John Lewis. _9231853 |
|
| 245 | 1 | 0 |
_aPrinciples and practice of management accountancy / _c[by] J. Lewis Brown and Leslie R. Howard. |
| 250 | _a3rd ed.[ E.L.B.S.] | ||
| 260 |
_aLondon : _bMacdonald & Evans, _c1975. |
||
| 300 |
_axii, 754 p. _billus. _c23 cm. |
||
| 350 | _a42/- | ||
| 650 | 0 |
_aManagerial accounting. _9231854 |
|
| 650 | 0 |
_aCost accounting. _9231855 |
|
| 700 | 1 |
_aHoward, Leslie R. _q(Leslie Reginald) _9231858 |
|
| 906 |
_a7 _bcbc _corignew _du _encip _f19 _gy-gencatlg |
||
| 942 |
_2ddc _cBK |
||
| 999 |
_c75703 _d75703 |
||